000 00347 a2200169 4500
001 184747
020 _a85-11-19007-4
040 _cMagnum
100 _aLobato, Monteiro
240 1 0 _aFábulas
_lpor
245 1 0 _aFábulas
300 _a58
362 0 _a1994
440 1 _aBrasiliense
697 _aLITERATURA INFANTO-JUVENIL
942 _cBK
999 _c184747
_d184747